00758cam a22002411i 450000100060000000300080000600500170001400800410003103500190007203500190009104000440011004100080015408200260016210000220018824500910021026000410030130000290034249000500037150400380042165000150045965000160047465000260049012704BD-RjUL20211208235337.0140129s1961 nyua b 001 0 eng d a(BD-RjUL)12754 a(OCoLC)2007452 aDLCcOWibfCdOCoLCdDLCd(BD-RjUL)beng aeng00219a 616.8 bCOM 19611 aCollins, Ralph T.12aA manual of neurology and psychiatry in occupational medicine /cBy Ralph T Collins, . aNew York :bGrune & Stratton,c1961. a244 p. :bill. ;c23 cm.0 aModern monographs in industrial medicine ;v6 aIncludes bibliography and Index. 0aNeurology. 0aPsychiatry. 0aMedicine, Industrial.